ბათუმის შოთა რუსთაველის სახელმწიფო უნივერსიტეტის ბიბლიოთეკა

99 ფრანკი : (ბიბ.ჩანაწერი № 63752)

000 -ლიდერი
ფიქსირებული სიგრძის საკონტროლო ველი 01514nam a22002417a 4500
003 - საკონტროლო ნომრის იდენტიფიკატორი
საკონტროლო ველი Ge_BSU
005 - ბოლო ოპერაციის თარიღი და დრო
საკონტროლო ველი 20251222181539.0
008 - ფიქსირებული სიგრძის მონაცემთა ელემენტები - ზოგადი ინფორმაცია
ფიქსირებული სიგრძის საკონტროლო ველი 251222s2021 ge ||||| |||| 00| 0 geo d
020 ## - წიგნის საერთაშორისო სტანდარტული ნომერი
International Standard Book Number 9789941329159
041 ## - ენის კოდი
Language code of text/sound track or separate title geo
080 ## - უნივერსალური ათობითი კლასიფიკაციის ინდექსი
Universal Decimal Classification number 821.133.1-31 ბ-44
100 ## - მთავარი ჩანაწერი - პიროვნების სახელი
Personal name ბეგბედერი, ფრედერიკ
9 (RLIN) 11672
245 ## - ცნობა სათაურის შესახებ
Title 99 ფრანკი :
Remainder of title [რომანი] /
Statement of responsibility, etc ფრედერიკ ბეგბედერი; თინათინ ღარიბაშვილის თარგმანი; რედაქტორი ელენე სალარიძე; ყდის დიზაინი ეთერ გზირიშვილი.
264 ## - წარმოების, გამოცემის, დისტრიბუციის და სხვა ცნობები
გამოცემის, წარმოების, დისტრიბუციის... ადგილი თბილისი :
გამოცემის, წარმოების, დისტრიბუციის... სახელწოდება პალიტრა L,
გამოცემის, წარმოების, დისტრიბუციის... თარიღი 2021.
300 ## - ფიზიკური აღწერა
Extent 208 გვ. ;
Other physical details 22 სმ.
490 ## - სერიის ცნობა
Series statement 50 წიგნი, რომელიც უნდა წაიკითხო, სანამ ცოცხალი ხარ, 1987-9628 ;
Volume number/sequential designation წიგნი 11
501 ## - შენიშვნა თანმხლებ მასალაზე
With note შენიშვნები: გვ. 201-203.
653 ## - INDEX TERM--UNCONTROLLED
Uncontrolled term ფრანგული პროზა -- თარგმანები ქართულ ენაზე
700 ## - ADDED ENTRY--PERSONAL NAME
Personal name ღარიბაშვილი, თინათინ
Relator term მთარგმნელი
9 (RLIN) 18085
700 ## - ADDED ENTRY--PERSONAL NAME
Personal name სალარიძე, ელენე
Relator term რედაქტორი
9 (RLIN) 5199
700 ## - ADDED ENTRY--PERSONAL NAME
Personal name გზირიშვილი, ეთერ
Relator term ყდის დიზაინერი
9 (RLIN) 26583
942 ## - ADDED ENTRY ELEMENTS (KOHA)
Source of classification or shelving scheme
Koha item type წიგნი
ეგზემპლარები
ჩამოწერის სტატუსი დაკარგული ეგზემპლარის სტატუსი კლასიფიკაციის წყარო ან თაროზე გაწყობის სქემა დაზიანების სტატუსი არ გაიცემა მუდმივი მდებარეობა (დაცვის ადგილი) ამჟამინდელი ადგილსამყოფელი თაროზე განთავსების ადგილი შეძენის თარიღი ღირებულება, შესყიდვის ნორმალური ფასი სრული შენახვის შიფრი შტრიხკოდი ბოლო ოპერაციის თარიღი ეგზემპლარის მიმდევრობითი ნომერი (კეტერი?) Uniform Resource Identifier ფასის ძალაში შესვლის თარიღი ეგზემპლარის სახეობა საჯარო შენიშვნა
          ბათუმის შოთა რუსთაველის სახელმწიფო უნივერსიტეტის მთავარი ბიბლიოთეკა ბათუმის შოთა რუსთაველის სახელმწიფო უნივერსიტეტის მთავარი ბიბლიოთეკა წიგნსაცავი 2025-12-22 13.00 821.133.1-31 ბ-44 73327 2025-12-22 73327 ნაჩუქარი 2025-12-22 წიგნი 13 ლ.
          ბათუმის შოთა რუსთაველის სახელმწიფო უნივერსიტეტის მთავარი ბიბლიოთეკა ბათუმის შოთა რუსთაველის სახელმწიფო უნივერსიტეტის მთავარი ბიბლიოთეკა წიგნსაცავი 2025-12-22 13.00 821.133.1-31 ბ-44 73328 2025-12-22 733278 ნაჩუქარი 2025-12-22 წიგნი 13 ლ.